Để trẻ sớm hình thành những thói quen tốt

Gespeichert in:
Bibliographische Detailangaben
Format: Buch
Sprache:Undetermined
Veröffentlicht: Hà Nội Phụ nữ 2007
Schlagworte:
Tags: Tag hinzufügen
Keine Tags, Fügen Sie den ersten Tag hinzu!
Thư viện lưu trữ: Trung tâm Học liệu Trường Đại học Cần Thơ
LEADER 00545nam a2200181Ia 4500
001 CTU_128359
008 210402s9999 xx 000 0 und d
020 |c 19000 
082 |a 649.68 
082 |b Đ250 
245 0 |a Để trẻ sớm hình thành những thói quen tốt 
245 0 |c Việt Văn Book (biên soạn) 
260 |a Hà Nội 
260 |b Phụ nữ 
260 |c 2007 
650 |a Child rearing,Nuôi dạy trẻ con 
904 |i Tuyến 
980 |a Trung tâm Học liệu Trường Đại học Cần Thơ